00544nam a22001577a 450000500170000001000150001702000260003203500140005803700090007208200100008110000280009124500750011926000560019427001150025030000210036520220210142731.0 aENG-131504 a9789390679942c499.00 aEN-115036 bDBAD a863.1 aChabria, Priya Sarukkai aSing of Life:bRevisioning Tagore's Gitanjali/cPriya Sarukkai Chabria aChennaibWestland Publication Private Limitedc2021 a1st Floor, A Block, East Wing, Plot No. 40 SP infocity, Dr. MGR Salai, Pergudi, KandanchavadibChennaie600096 a156p.c23cm(hbk)